| 000 | 02154nam a2200289Ia 4500 | ||
|---|---|---|---|
| 001 | H6961 | ||
| 003 | IT-RoPAU | ||
| 008 | 130308s9999 xx 000 0 und d | ||
| 040 | _aIT-RoPAU | ||
| 040 | _cIT-RoPAU | ||
| 041 | _aITALIANO | ||
| 100 | _aTraini Stefano | ||
| 100 | _gCodice Aut. SPICS: 40620 | ||
| 245 | _aDue vie della semiotica (Le) - teorie strutturali e interpretative | ||
| 245 | _bDue vie della Semiotica (Le) - teorie Strutturali e Interpretative | ||
| 250 | _a1a ed. | ||
| 260 | _aMILANO | ||
| 260 | _bBompiani | ||
| 260 | _c2006 [1° Ed.:2006 - Ed.Ling.Originale:2006] | ||
| 300 | _a"370 p. (prefazione: no ; testo: 370 [pagine: 0-0])" | ||
| 500 | _a"I Semiotica Strutturale: Ferdinand De Saussure, Dalla Linguistica Alla Semiologia (Langue e Parole; Linguistica Esterna e Interna; Semiologia; Segno Linguistico, Arbitrarietà e Linearita'; Immutabilità e Mutabilità Segno;Sincronia e Diacronia; Linguistica Sincronica; Arbitrarietà verticale e Orizzontale); Louis Hjelmslev, Tratti Fondamentali Linguaggi (5 Tratti Fondamentali Linguaggi; Dalle semiotiche Denotative Alla semiotiche Connotative); Roland Barthes, Semiologia Come Critica Sociale (Miti Oggi, Critica Connotazioni Ideologiche; Elementi Semiologia; Sistema Moda, Retorica e Ideologia; Retorica Immagine, Semi Connotativi; Analisi Racconto; fase Semiologica); Algirdas Julien Greimas, Percorso Generativo (Semantica Strutturale; progetto Semiotico; Percorso Generativo; Passioni); Sviluppi Semiotica Generativa (Sociosemiotica; Estesia; Corpo). Ii Semiotica Interpretativa: Charles Sanders Peirce, Abduzione, Semiosi, Segni (Verso Semiotica Cognitiva; Semiosi; classificazione Segni, Icone, Indici, Simboli); Umberto Eco, Modello Enciclopedico e cooperazione interpretativa (Teoria Codici; dal Modello semantico Dizionariale al Modello Enciclopedico; Natura Contrattuale Significato); Campo Interpretativo, Semantica di Patrizia Violi (Dalla Semiotica di Ecoalla Semantica di Violi; Verso Semantica Globale; Semantica Esperienziale.." | ||
| 650 | _aSEMIOLOGIA | ||
| 650 | _eCodice materia Spics: 3251 | ||
| 942 | _cBK | ||
| 957 | _71 | ||
| 999 |
_c88129 _d88129 |
||
| 999 | _g1 | ||